=LDR 00000nam 2200000 4500 =001 000798 =005 20250711113059 =035 ##$$a 0010-0725000668 =007 ta =008 250711################a##########0#ind## =020 ##$$a 978-623-472-364-9 =082 ##$$a 398.209 598 =084 ##$$a 398.209 598 MEN i =100 #$$a Menon J Suraj =245 1#$$a ikan ini milikku! bukan,milikku! /$c Suraj J Menon =250 ##$$a pertama =260 ##$$a Jakarta :$b Badan Pengembangan dan pembinaan bahasa,$c 2022 =300 ##$$a 20hlm. : $b ilus. ; $c 22,9cm =650 #4$$a cerita anak indonesia terjemahan =650 #4$$a literasi bahan bacaan =700 #$$a Soumya Menin =990 ##$$a TBM202400801